| 000 | 00336nam a2200097Ia 4500 | ||
|---|---|---|---|
| 008 | 220120s9999||||xx |||||||||||||| ||und|| | ||
| 100 |
_aAlrazi and others _912544 |
||
| 245 | 0 | _aPerformance study of PEVGEOT engine using biodiesel blends | |
| 260 |
_aCoorg Institute of Technology _bPonnampet _c2015 |
||
| 650 | _aELECTRONICS AND COMMUNICATIONS | ||
| 999 |
_c138142 _d138142 |
||